000 01511nam a2200253Ia 4500
999 _c51914
_d51914
001 18914
003 GE_BSU
005 20210426144336.0
008 181216s2013||||ge |||||||||||||| ||geo||
040 _cGE_BSU
041 _ageo
080 _a 63 გ-12
100 _aგაბაიძე, მზიური
_911631
245 _aხორბლის ნაცრის გამომწვევი პათოგენის ვირულენტური სტრუქტურა საქართველოში /
_cმზიური გაბაიძე; სამეცნიერო ხელმძღვანელი ლ. ბერაძე, ო. შაინიძე; ბათუმის შოთა რუსთაველის სახ-ფო უნ-ტი.
264 _aბათუმი,
_c2013.
300 _a146 გვ. ;
_b30 სმ.
653 _aდისერტაცია
653 _aსოფლის მეურნეობა
653 _aხორბლის ნაცრის გამომწვევი პათოგენის სტრუკტურა
700 _aბერაძე, ლ.
_eსამეცნიერო ხელმძღვანელი
_911519
700 _aშაინიძე, ო.
_eსამეცნიერო ხელმძღვანელი
_911632
710 _aბათუმის შოთა რუსთაველის სახ-ფო უნ-ტი.
_911633
942 _cBK
_2udc